Compendio de contratos públicos, autos de participaciones, ejecutivos, y de residencias, con el genero del papel sellado que á cada despacho toca (Record no. 8703)

MARC details
000 -CABECERA
campo de control de longitud fija 01234nam a2200253 a 4500
001 - NÚMERO DE CONTROL
campo de control BRCA_9053
005 - FECHA Y HORA DE LA ÚLTIMA TRANSACCIÓN
campo de control 20190320210516.0
008 - DATOS DE LONGITUD FIJA--INFORMACIÓN GENERAL
campo de control de longitud fija 010917s1776----u--#######---#000-0#spa-#
041 ## - CÓDIGO DE LENGUA
Código de lengua del texto/banda sonora o título independiente spa
044 ## - CÓDIGO DEL PAÍS DE LA ENTIDAD EDITORA/PRODUCTORA
Código MARC del país sp
084 ## - OTRO NÚMERO DE CLASIFICACIÓN
Número de clasificación BE116
Número de documento/Ítem .M45 1776
100 1# - ENTRADA PRINCIPAL--NOMBRE DE PERSONA
Nombre de persona Melgarejo, Pedro
9 (RLIN) 22418
245 10 - MENCIÓN DE TÍTULO
Título Compendio de contratos públicos, autos de participaciones, ejecutivos, y de residencias, con el genero del papel sellado que á cada despacho toca
Mención de responsabilidad, etc. recopilado por Don Pedro Melgarejo, y añadidos muchos Contratos nuevos, y necesarios por el mismo autor.
260 ## - PUBLICACIÓN, DISTRIBUCIÓN, ETC.
Lugar de publicación, distribución, etc. Madrid
Nombre del editor, distribuidor, etc. En la Imprenta de Josef Doblado
Fecha de publicación, distribución, etc. 1776
300 ## - DESCRIPCIÓN FÍSICA
Extensión 377 p.
Dimensiones 21.5 x 15.5 cm
500 ## - NOTA GENERAL
Nota general Con licencia
500 ## - NOTA GENERAL
Nota general En portada: A los apuntamientos, ó Notas, con que se contradigeron algunos párrafos el año de mil seiscientos sesenta y quatro
500 ## - NOTA GENERAL
Nota general En portada: Corregido, y emendado en esta ultima Impresión de los yerros que tenían los antecedentes
500 ## - NOTA GENERAL
Nota general Estado físico: presenta encuadernación en pergamino con lomo desprendido y cintas rotas
650 14 - PUNTO DE ACCESO ADICIONAL DE MATERIA--TÉRMINO DE MATERIA
Término de materia o nombre geográfico como elemento de entrada Contratos administrativos
Subdivisión cronológica Obras anteriores a 1800
Subdivisión geográfica España
9 (RLIN) 22419
650 14 - PUNTO DE ACCESO ADICIONAL DE MATERIA--TÉRMINO DE MATERIA
Término de materia o nombre geográfico como elemento de entrada Economía
Subdivisión cronológica Obras anteriores a 1800
Subdivisión geográfica España
9 (RLIN) 22420
902 ## - CATALOGADOR
Iniciales CFM
942 ## - ELEMENTOS DE PUNTO DE ACCESO ADICIONAL (KOHA)
Fuente del sistema de clasificación o colocación Library of Congress Classification
Tipo de ítem Koha Libros
Holdings
Estado de retiro Estado de pérdida Estado dañado No para préstamo Localización permanente Ubicación/localización actual Fecha de adquisición Total de préstamos Signatura topográfica completa Código de barras Fecha visto por última vez Precio válido a partir de Tipo de ítem Koha
El ejemplar forma parte de la colección y puede ser consultado según las políticas vigentes.       Biblioteca del Museo Franz Mayer (Rogerio Casas-Alatriste) Biblioteca del Museo Franz Mayer (Rogerio Casas-Alatriste) 01/09/2017   BE116 .M45 1776 CFM00408 22/03/2019 22/03/2019 Libros